| 000 | 00840cab a2200241 4500 | ||
|---|---|---|---|
| 001 | WB2838-77 | ||
| 008 | 090401t1992 xxu||||| |||| 00| 0 eng d | ||
| 035 | _a(Sirsi) u26611 | ||
| 041 | _aeng | ||
| 245 | _aBrussels wants British expressways | ||
| 260 | _c1992 | ||
| 350 | _a0 | ||
| 490 |
_aDaily Telegraph _v26 September 1992, 8(1) |
||
| 520 | _aA massive expansion of Britain`s motorway network has been proposed by the EC as part of a plan, linked to the Maastricht Treaty, for building a trunk road system from Cork to Calabria by 2002. | ||
| 650 | _aEUROPE | ||
| 650 | _aMAASTRICHT TREATY | ||
| 650 | _aMOTORWAYS | ||
| 650 | _aPROPERTY-INFRASTRUCTURE-TRANSPORT INFRASTRUCTURE-ROAD INFRASTRUCTURE | ||
| 650 | _aTRANS-EUROPEAN ROAD NETWORK | ||
| 690 | _aTRANSPORT AND COMMUNICATIONS | ||
| 942 | _n0 | ||
| 948 | _c04/03/1997 | ||
| 999 |
_c17897 _d17897 |
||